Music Quiz

Random Music or Kpop Quiz

Is it a Kpop Meme(K) or a Vine Reference(V) Quiz Stats

 Plays Quiz not verified by Sporcle

Score 0/40 Timer 10:00
2 Plays Today
Kpop Meme or Vine Reference K or V % Correct
We're the uh..foreign swaggers, so uh, yeah I lived in America for four years, that's why I'm here man. ???
88%
OH MY GOSH, your mistake oh my gosh. What are you doing now? Are you kidding me? Kimbap Kidding????
87.7%
Krystal what am I doing..? What am I doing? You're embarassing me.???
86.9%
This song is called As If It's Your Last, so I want everyone to dance as iF IT'S YOUR LAST!???
86.9%
How you know?? How you know I'm not big????
85.4%
Beach!..B*TCH? Beach!...b*tch????
85.1%
Hui jia, hui jia. YOU'RE DOG SPEAKS CHINESE????
85%
Mother trucker dude. That hurt like a butt cheek on a stick!???
84.8%
Road work ahead? Uh ya, I sure hope it does!???
84.4%
Get to del taco they got a new thing called fresa..hah Fr e sh a voca do..FR E SH A VOCA DO???
84.1%
Ay yo whaddup Kris? Ay yo wasssuupp.???
83.2%
When there's too much drama at school, all you gotta so is, walk awaYyaAAAayyyayY???
83.1%
I'm talking about your low quality English. loW QUALITY?? LOW QUALITY??...I'm the best quality.???
83.1%
STOP! I could have dropped my croissant.???
82.6%
I spilled lipstick in your valentino bag. YOU SPILLED JHJHGH LIPSTICK? IN MY VALENTINO WHITE BAG????
82.6%
How old are you now? I'm 24...Wow so old. OLD?!????
81.1%
Why you always lyin', mmm oh my god???
80.7%
What is it you like about watermelon? I don't know it's just better than...rice.???
79.6%
So you just gon' bring me a Birthday gift on my Birthday to my Birthday party on my Birthday with a Birthday gift?...happy birthday????
78.6%
Ladies and gentlemen, welcome to t-t-t-t-t-t-t-t-TARGET???
78.2%
Kpop Meme or Vine Reference K or V % Correct
Honey, you got a big storm coming.???
78.2%
R-Revolution, E-Evolution, D-Drobotion...???
76.5%
And they were Roommates! Oh my god they were roommates???
76.4%
....LOok aT alL ThoSE ChiCKeNS???
75.8%
Oh sorry I feel asleep while I waiting on you to make me a sandwich. Go back to sleep, and starve.???
75.8%
All these ghosts...ALL THESE GHOSTS...and I still can't find a boo???
74.9%
It's an avocado...thhankkkss???
74.3%
Hey, I think you're really cool. I like you a lot. Maybe we can..hangoutorsomething..???
74.3%
Water tastes like....water.???
73.6%
Let's do the fork in the garbage disposal. DING DING DING DING DIN- ???
70.4%
I might drink a little more than I should tonight. DRINK WATER.???
68.4%
I'm crying in the club- You're in the club????
67.8%
This is the most beautiful thing I've ever seen in my life, It's watermelon...inside a watemelon???
66.9%
You can do it friends! You can do it!..do what? What????
66.3%
Do they look real?*looks down to check*???
66.3%
IT'S HOT. IT'S REALLY HOT. YOU'RE HOT. thank you.???
66.1%
It's all mine the sausage is mine-it's all mine-gimme the sausage-this is my sausage-why are you touching my sausage-???
65.5%
...So my Gucci burned.???
61.5%
...WAIt a minute...Who aRE YOU????
59.6%
What are you doing? Dancing! But there's no music playing....???
40.9%

You're not logged in!

Compare scores with friends on all Sporcle quizzes.
OR
Log In

Show Comments

Extras

Top Quizzes Today


Score Distribution

Your Account Isn't Verified!

In order to create a playlist on Sporcle, you need to verify the email address you used during registration. Go to your Sporcle Settings to finish the process.

Report this User

Report this user for behavior that violates our Community Guidelines.

Details: